In Hegesippi oratione De Halonneso codicum Florentinorum lectionis discrepantiam descripsit Hieronymus Vitelli. (Record no. 34856)
[ view plain ]
| 000 -LEADER | |
|---|---|
| fixed length control field | 00945cam a22002411 4500 |
| 001 - CONTROL NUMBER | |
| control field | it 01000253 |
| 003 - CONTROL NUMBER IDENTIFIER | |
| control field | DLC |
| 005 - DATE AND TIME OF LATEST TRANSACTION | |
| control field | 20260227111518.0 |
| 008 - FIXED-LENGTH DATA ELEMENTS--GENERAL INFORMATION | |
| fixed length control field | 970407s1876 it 000 0 lat |
| 010 ## - LIBRARY OF CONGRESS CONTROL NUMBER | |
| LC control number | it 01000253 |
| 035 ## - SYSTEM CONTROL NUMBER | |
| System control number | (OCoLC)36687057 |
| 040 ## - CATALOGING SOURCE | |
| Original cataloging agency | DLC |
| Transcribing agency | OCU |
| Modifying agency | DLC |
| 042 ## - AUTHENTICATION CODE | |
| Authentication code | premarc |
| 050 00 - LIBRARY OF CONGRESS CALL NUMBER | |
| Classification number | AS222 |
| Item number | .F5 no. 3 |
| 100 1# - MAIN ENTRY--PERSONAL NAME | |
| Personal name | Vitelli, Girolamo, |
| Dates associated with a name | 1849-1935. |
| 245 10 - TITLE STATEMENT | |
| Title | In Hegesippi oratione De Halonneso codicum Florentinorum lectionis discrepantiam descripsit Hieronymus Vitelli. |
| 260 ## - PUBLICATION, DISTRIBUTION, ETC. | |
| Place of publication, distribution, etc. | Firenze, |
| Name of publisher, distributor, etc. | Coi tipi dei successori Le Monnier, |
| Date of publication, distribution, etc. | 1876. |
| 300 ## - PHYSICAL DESCRIPTION | |
| Extent | 12 p. |
| Dimensions | 27 cm. |
| 440 #0 - SERIES STATEMENT/ADDED ENTRY--TITLE | |
| Title | Pubblicazioni del R. Istituto di studi superiori pratici e di perfezionamento in Firenze. Sezione di filosofia e filologia. |
| Volume/sequential designation | vol. II, dispensa 2a. [no. 8] |
| 500 ## - GENERAL NOTE | |
| General note | Cover title. |
| 500 ## - GENERAL NOTE | |
| General note | Double pagination. |
| 600 00 - SUBJECT ADDED ENTRY--PERSONAL NAME | |
| Personal name | Hegesippus, |
| Dates associated with a name | approximately 390 B.C.-approximately 325 B.C. |
| Title of a work | De Halonneso |
| General subdivision | Criticism, Textual. |
No items available.